[Event "Sabadell Coral Colon op 12th"]
[Site "Sabadell"]
[Date "2018.03.16"]
[Round "6"]
[White "Algarte Cortes, Serafin Ramon"]
[Black "Torralba Brosa, Marc"]
[Result "0-1"]
[WhiteElo "1688"]
[BlackElo "1795"]
[PlyCount "90"]
[EventDate "2018.02.09"]
[EventType "swiss"]
[EventRounds "9"]
[EventCountry "ESP"]
[SourceTitle "EXT 2019"]
[Source "ChessBase"]
[SourceDate "2018.10.10"]
[SourceVersion "1"]
[SourceVersionDate "2018.10.10"]
[SourceQuality "1"]

1. e4 c5 2. d3 Nc6 3. Nc3 g6 4. Bd2 Bg7 5. Rb1 e6 6. Nf3 Nge7 7. Be2 0-0 8. Qc1 Re8 9. 0-0 d5 10. Bh6 Bh8 11. Bg5 Nd4 12. Bd1 f6 13. Bh4 e5 14. h3 a6 15. Nh2 Rf8 16. f3 Ne6 17. Ne2 g5 18. Bf2 Ng6 19. Ng4 h5 20. Nh6+ Kh7 21. Nf5 d4 22. g4 h4 23. Qd2 Nef4 24. Kh2 a5 25. b3 Nxe2 26. Bxe2 Nf4 27. Be1 Bxf5 28. exf5 Bg7 29. Rf2 Rf7 30. Bf1 Bf8 31. Qd1 Bd6 32. Bd2 e4 33. Bxf4 Bxf4+ 34. Kg2 e3 35. Re2 Bc7 36. Qe1 Qd6 37. Kg1 Qf4 38. Bg2 Qh2+ 39. Kf1 Bg3 40. Qc1 Re7 41. c3 Rae8 42. cxd4 Bf2 43. Rxf2 exf2 44. Kxf2 Re2+ 45. Kf1 Qxg2# 0-1

[Event "Sabadell Coral Colon op 12th"]
[Site "Sabadell"]
[Date "2018.02.09"]
[Round "1"]
[White "Bernal Soler, Miquel"]
[Black "Algarte Cortes, Serafin Ramon"]
[Result "0-1"]
[WhiteElo "1700"]
[BlackElo "1688"]
[PlyCount "30"]
[EventDate "2018.02.09"]
[EventType "swiss"]
[EventRounds "9"]
[EventCountry "ESP"]
[SourceTitle "EXT 2019"]
[Source "ChessBase"]
[SourceDate "2018.10.10"]
[SourceVersion "1"]
[SourceVersionDate "2018.10.10"]
[SourceQuality "1"]

1. e4 e5 2. Nf3 Nc6 3. Bc4 d6 4. d4 Bg4 5. dxe5 Nxe5 6. 0-0 Nf6 7. h3 Bxf3 8. gxf3 Nxc4 9. b3 Ne5 10. Bb2 Qd7 11. Nd2 Qxh3 12. Nc4 Nxf3+ 13. Qxf3 Qxf3 14. Bxf6 gxf6 15. Rfd1 Rg8+ 0-1

[Event "Sabadell op 11th"]
[Site "Sabadell"]
[Date "2017.??.??"]
[Round "1.3"]
[White "Algarte Cortes, Serafin Ramon"]
[Black "Torrecillas Gonzalez, Antonio"]
[Result "0-1"]
[WhiteElo "1704"]
[BlackElo "2014"]
[PlyCount "65"]
[EventDate "2017.02.03"]
[EventType "swiss"]
[EventRounds "9"]
[EventCountry "ESP"]
[SourceTitle "EXT 2024"]
[Source "ChessBase"]
[SourceDate "2023.10.10"]
[SourceVersion "1"]
[SourceVersionDate "2023.10.10"]
[SourceQuality "1"]

1. e4 c5 2. Nf3 d6 3. h3 Nf6 4. Nc3 g6 5. Bc4 Bg7 6. d3 Nc6 7. Bd2 a6 8. a3 Bd7 9. Rb1 0-0 10. 0-0 Rc8 11. Nd5 b5 12. Ba2 e6 13. Nxf6+ Bxf6 14. c3 Bg7 15. Qe2 Ne7 16. Bg5 h6 17. Bf4 e5 18. Be3 Be6 19. Bxe6 fxe6 20. Qd2 Kh7 21. Nh2 d5 22. exd5 exd5 23. d4 cxd4 24. cxd4 e4 25. Ng4 Nf5 26. Rbc1 Rc4 27. Rxc4 bxc4 28. Nh2 Qb6 29. Rd1 Rb8 30. Bf4 Rb7 31. Be5 Qxb2 32. Bxg7 Kxg7 33. Qe1 0-1

[Event "Igualada op 11th"]
[Site "Igualada"]
[Date "2016.02.20"]
[Round "6"]
[White "Algarte Cortes, Serafin Ramon"]
[Black "Martinez Ferrer, Albert"]
[Result "0-1"]
[WhiteElo "1697"]
[BlackElo "1805"]
[PlyCount "103"]
[EventDate "2016.01.16"]
[EventType "swiss"]
[EventRounds "8"]
[EventCountry "ESP"]
[SourceTitle "EXT 2017"]
[Source "ChessBase"]
[SourceDate "2016.10.25"]
[SourceVersion "1"]
[SourceVersionDate "2016.10.25"]
[SourceQuality "1"]

1. g3 e6 2. Bg2 d5 3. b3 Nf6 4. Bb2 Bc5 5. e3 Nbd7 6. d4 Bd6 7. Nf3 c6 8. Nbd2 Qe7 9. 0-0 0-0 10. c4 Ng4 11. c5 Bc7 12. b4 f5 13. a4 a6 14. Qe2 h5 15. h3 Ngf6 16. b5 Ne4 17. b6 Bb8 18. Nb3 g5 19. Nh2 g4 20. h4 Ndf6 21. Nc1 Nxg3 22. fxg3 Bxg3 23. Nd3 Nh7 24. Rfd1 Qxh4 25. Nf1 Bb8 26. Ne5 Qg5 27. Qd3 h4 28. Nd2 Nf6 29. Rf1 h3 30. Bh1 Nh5 31. Rf4 Bxe5 32. dxe5 Qh4 33. Nf1 h2+ 34. Nxh2 Qg3+ 35. Bg2 Nxf4 36. Qd2 Nh3+ 37. Kh1 Nf2+ 38. Kg1 Ne4 39. Qe2 Ng5 40. Kh1 Rf7 41. Qe1 Qxe1+ 42. Rxe1 Rh7 43. Kg1 Bd7 44. Nf1 Kf7 45. Ng3 Nh3+ 46. Kf1 Ng5 47. Ke2 Rah8 48. Kd3 Rh2 49. Re2 Kg6 50. Bc3 Nf3 51. Nf1 R2h6 52. Rf2 0-1

[Event "Sabadell Coral Colon op 9th"]
[Site "Sabadell"]
[Date "2015.02.27"]
[Round "4"]
[White "Munoz Munoz, Teresa"]
[Black "Algarte Cortes, Serafin Ramon"]
[Result "1-0"]
[WhiteElo "2044"]
[BlackElo "1889"]
[PlyCount "74"]
[EventDate "2015.02.06"]
[EventType "swiss"]
[EventRounds "9"]
[EventCountry "ESP"]
[SourceTitle "EXT 2016"]
[Source "ChessBase"]
[SourceDate "2015.10.08"]
[SourceVersion "1"]
[SourceVersionDate "2015.10.08"]
[SourceQuality "1"]

1. c4 c5 2. Nc3 Nc6 3. g3 g6 4. Bg2 Bg7 5. e3 e6 6. Nge2 Nge7 7. 0-0 0-0 8. d4 d6 9. d5 Nb4 10. a3 Na6 11. dxe6 fxe6 12. Qd3 Rb8 13. Rd1 Nf5 14. Nb5 Qb6 15. e4 Nd4 16. Nexd4 cxd4 17. Nxd4 Nc5 18. Qe3 Bd7 19. b4 e5 20. Nb5 Na4 21. Rxd6 Qxe3 22. Bxe3 Bxb5 23. cxb5 b6 24. Rc1 Rfd8 25. Rxd8+ Rxd8 26. Bf1 Nb2 27. Be2 Rd7 28. Kg2 Kf7 29. Rc2 Nd3 30. Bxd3 Rxd3 31. Rc7+ Kf6 32. Rxa7 h6 33. Bxb6 g5 34. Be3 Bf8 35. b6 Bd6 36. b7 Bb8 37. Ra8 Rd8 1-0

[Event "Cerdanyola del Valles op-B 29th"]
[Site "Cerdanyola del Valles"]
[Date "2011.10.08"]
[Round "2"]
[White "Rodriguez Monago, Juan Antonio"]
[Black "Algarte Cortes, Serafin Ramon"]
[Result "0-1"]
[WhiteElo "1477"]
[BlackElo "1748"]
[PlyCount "215"]
[EventDate "2011.10.01"]
[EventType "swiss"]
[EventRounds "8"]
[EventCountry "ESP"]
[SourceTitle "EXT 2013"]
[Source "ChessBase"]
[SourceDate "2012.11.22"]
[SourceVersion "1"]
[SourceVersionDate "2012.11.22"]
[SourceQuality "1"]

1. d4 d5 2. Nf3 Nf6 3. e3 Bg4 4. Be2 h6 5. c4 e6 6. Nc3 c6 7. 0-0 Be7 8. cxd5 exd5 9. h3 Be6 10. Re1 0-0 11. Bd3 Nbd7 12. Nd2 Re8 13. e4 dxe4 14. Ndxe4 Nxe4 15. Bxe4 Nf6 16. Bf3 Qd7 17. Be3 a6 18. a3 Rad8 19. Rc1 Nd5 20. Nxd5 Bxd5 21. Rc3 Bf6 22. Rd3 Qf5 23. Bxd5 Rxd5 24. Re2 Red8 25. Red2 Qg6 26. b4 Rh5 27. Qf3 Rf5 28. Qd1 Rdd5 29. Qe2 a5 30. Kh1 Rb5 31. Rb3 Rfd5 32. Qg4 Qxg4 33. hxg4 axb4 34. axb4 Be7 35. Rdb2 Rd8 36. g3 Ra8 37. Kg2 Ra4 38. Bd2 Bf6 39. Be3 Ra1 40. Kf3 h5 41. gxh5 Rxh5 42. Ke4 Ra8 43. Kd3 Kf8 44. Kc4 Ra4 45. Kd3 Rd5 46. Ke4 Ra8 47. Rd2 Re8+ 48. Kf3 Ke7 49. Ke2 Kd7 50. Kd3 Ra8 51. Kc4 Ra1 52. Rbb2 Ra4 53. Rb3 Be7 54. Rdb2 Ra1 55. Kc3 Bf6 56. Rd2 Kc7 57. Kc4 Kb6 58. Rbb2 Kc7 59. Kc3 Be7 60. Rdc2 g5 61. Rb3 Ra8 62. Rbb2 Rb5 63. Rb3 Bd6 64. Rcb2 Re8 65. Kd3 Re6 66. Rb1 Rg6 67. R1b2 f5 68. Rb1 f4 69. gxf4 gxf4 70. Bd2 Rg2 71. Be1 Rh2 72. Ke4 Rh8 73. f3 Re8+ 74. Kd3 Rd5 75. Bf2 Ra8 76. R1b2 Ra4 77. Be1 Ra1 78. Bf2 Rd1+ 79. Kc4 b6 80. b5 Rc1+ 81. Kd3 c5 82. Ke4 Rh5 83. dxc5 Re5+ 84. Kd3 Bxc5 85. Bxc5 Rcxc5 86. Rb4 Rcd5+ 87. Kc2 Rf5 88. Kc1 Rde5 89. Kd1 Re3 90. R4b3 Rd5+ 91. Kc2 Rde5 92. Kb1 Re1+ 93. Ka2 Re8 94. Rc2+ Kb7 95. Rcb2 Ra8+ 96. Ra3 Ra1+ 97. Kxa1 Rxa3+ 98. Kb1 Rxf3 99. Ka2 Rf1 100. Ka3 f3 101. Kb4 Re1 102. Rf2 Re4+ 103. Kb3 Rf4 104. Kc3 Kc7 105. Kd3 Kd6 106. Ke3 Rf8 107. Rd2+ Kc5 108. Rb2 0-1

[Event "Cerdanyola del Valles op-A 24th"]
[Site "Cerdanyola del Valles"]
[Date "2006.10.28"]
[Round "5.12"]
[White "Segarra Calderer, Albert"]
[Black "Algarte Cortes, Serafin Ramon"]
[Result "1-0"]
[WhiteElo "2125"]
[BlackElo "1965"]
[PlyCount "107"]
[EventDate "2006.09.30"]
[EventType "swiss"]
[EventRounds "8"]
[EventCountry "ESP"]
[SourceTitle "EXT 2024"]
[Source "ChessBase"]
[SourceDate "2023.10.10"]
[SourceVersion "1"]
[SourceVersionDate "2023.10.10"]
[SourceQuality "1"]

1. d4 d5 2. e3 a6 3. Bd3 e6 4. f4 Qh4+ 5. g3 Qd8 6. Nf3 Nf6 7. Nbd2 Bb4 8. c3 Be7 9. 0-0 Nc6 10. Ne5 h6 11. Qf3 Bd7 12. e4 Na7 13. a4 c5 14. Nxd7 Qxd7 15. e5 Ng8 16. Qg4 Bf8 17. f5 cxd4 18. cxd4 Nc6 19. fxe6 Qxe6 20. Bf5 Qe7 21. Nf3 Nd8 22. e6 Nxe6 23. Bxe6 Nf6 24. Bxf7+ Kxf7 25. Ne5+ Kg8 26. Qf5 Qd6 27. Bf4 Qb6 28. Be3 Re8 29. Rae1 Qe6 30. Qg6 Nd7 31. Qxe6+ Rxe6 32. Nxd7 Bb4 33. Bd2 Rxe1 34. Bxe1 Bd6 35. Nc5 b5 36. axb5 axb5 37. Rf5 Kh7 38. Rxd5 Bc7 39. Rd7 Bd8 40. Bc3 Bf6 41. Ne4 Bd8 42. d5 Rg8 43. Nf6+ Bxf6 44. Bxf6 Kg6 45. Bc3 h5 46. Rb7 Rd8 47. Rxb5 Rd7 48. Kf2 Kf7 49. Ke3 g6 50. Kd4 Re7 51. d6 Re2 52. Rb7+ Ke8 53. d7+ Kd8 54. Ba5+ 1-0